01377nam a2200421 i 450000100060000000300090000600500170001500800390003201500170007102000150008804000280010308000160013108000080014708000080015510000400016324501200020326000580032330000240038133600270040533700540043233800280048638000170051438000230053150400460055465000210060065800130062164800140063465100110064865000150065965500150067465000130068964800140070271000540071685600980077094200120086899900170088095200580089737244KOSZ 00520240405063118.0980417s1997 pl g 001 0 pol aPB 1998/4360 a8390456834 aWA NcWA NdKOSZ 005/RW a94(438).081 a323 a3271 aSowa, Andrzej Leond(1946- )eAutor10aU progu wojny :bz dziejów spraw wewnętrznych i polityki zagranicznej II Rzeczypospolitej /cAndrzej Leon Sowa. aKraków :bTowarzystwo Sympatyków Historii,c1997. a318 stron ;c21 cm. aTekstbtxt2rdacontent aBez urządzenia pośredniczącegobn2rdamedia aWoluminbnc2rdacarrier aKsiążki. aPublikacje naukowe aBibliografia na stronach 303-314. Indeks. 4aSpołeczeństwo aHistoria 4a1901-2000 4aPolska 4aGospodarka 4aMonografia 4aPolityka 4a1918-19392 aTowarzystwo Sympatyków Histori (Kraków)4pbl. uhttp://koha.tu.koszalin.pl/cgi-bin/koha/opac-detail.pl?biblionumber=37244yKatalog online BPK 2UKDcKS c37244d37244 001040718POLBOGaBPKbBPKcmho53075p01480740yKS